Komplex kobaltu so substituovaným tridentátnym aromatickým ligandom – syntéza, štruktúrne a magnetické vlastnosti

Saved in:
Bibliographic Details
Main Author: Juráková, Jana (Author)
Other Authors: Šalitroš, Ivan (Thesis advisor)
Format: Manuscript Book
Language:Slovak
Published: 2016
Subjects:
Online Access:http://is.stuba.sk/zp/portal_zp.pl?podrobnosti=111239
Tags: Add Tag
No Tags, Be the first to tag this record!

MARC

LEADER 00000ntm a22000003a 4500
001 stuzp58510
003 SK-STU
005 20160719155604.1
007 ta
008 150427s2015----xo-----f-mn---000-0-slo-d
040 |a STU  |b slo 
041 0 |a slo 
100 1 |a Juráková, Jana  |u 042190  |4 aut  |U FCHPT Ústav anorganickej chémie, technológie a materiálov  |T FCHPT Oddelenie anorganickej chémie  |X 65104  |U C2190  |Y 112  |7 65104 
242 0 1 |a Cobalt Complex with a Substituted Aromatic Tridentate Ligand - Synthesis, Structural and Magnetic Properties  |y eng 
245 1 0 |a Komplex kobaltu so substituovaným tridentátnym aromatickým ligandom – syntéza, štruktúrne a magnetické vlastnosti 
260 |c 2016 
650 4 |a jednomolekulové magnety  |2 slo 
650 4 |a koordinačná zlúčenina kobaltu  |2 slo 
650 4 |a magnetické vlastnosti  |2 slo 
650 4 |a cobalt coordination compound  |2 eng 
650 4 |a Single- molecule magnets  |2 eng 
650 4 |a magnetic properties  |2 eng 
700 1 |a Šalitroš, Ivan  |u 042190  |k Z2  |4 ths  |U FCHPT Ústav anorganickej chémie, technológie a materiálov  |T FCHPT Oddelenie anorganickej chémie  |X 19338  |U C2190  |Y 112  |7 A000019338 
856 4 |u http://is.stuba.sk/zp/portal_zp.pl?podrobnosti=111239 
SQL |a stuzp58510  |b DBP  |c SLO  |d Komplex kobaltu so substituovaným tridentátnym aromatickým ligandom – syntéza, štruktúrne a magnetické vlastnosti  |e 65104  |f Juráková, Jana  |g 042190  |h 19338  |i Šalitroš, Ivan  |j 20160712  |k 753  |l 04  |m http://is.stuba.sk/zp/portal_zp.pl?podrobnosti=111239  |n B-CHEMAT  |o 4.1.14. chémia, 5.2.18. chemické technológie